| 000 | 00838nam a2200229Ia 4500 | ||
|---|---|---|---|
| 003 | GCL | ||
| 008 | 140319s9999 xx 000 0 ara d | ||
| 040 |
_aGCL / _cGCL |
||
| 082 | 0 | 4 |
_aق _b962.035 _bط م |
| 100 | 1 | _aطلعت اسماعيل رمضان | |
| 245 | 1 | 0 |
_aمحمد شريف باشا ودوره فى السياسة المصرية / _cطلعت اسماعيل رمضان |
| 260 |
_a[S.N] : _bدار المعارف |
||
| 300 | _a368 ص | ||
| 490 | _a | ||
| 650 | 0 | 4 | _aالعصر الحديث |
| 650 | 0 | 4 | _aمصر |
| 650 | 0 | 4 | _aعباس حلمى الاول 1853-1849 |
| 650 | 0 | 4 | _aمحمد سعيد 1863-1854 |
| 650 | 0 | 4 | _aمصر - تاريخ - العصر الحديث - الثورة العرابية |
| 650 | 0 | 4 | _aمصر - تاريخ - العصر الحديث - عصر اسماعيل ( 1863-1879 م ) |
| 942 |
_2ddc _cBK |
||
| 999 |
_c52946 _d52946 |
||